El escáner / (Record no. 87329)

MARC details
000 -CABECERA
campo de control de longitud fija 00724nam a2200241 a 4500
005 - FECHA Y HORA DE LA ÚLTIMA TRANSACCIÓN
campo de control 20210223124503.0
008 - ELEMENTOS DE LONGITUD FIJA--INFORMACIÓN GENERAL
campo de control de longitud fija 011024s2001 es r 000 0 spa d
020 ## - NÚMERO INTERNACIONAL NORMALIZADO PARA LIBROS
Número Internacional Estándar del Libro 8441511187
035 ## - NÚMERO DE CONTROL DEL SISTEMA
Número de control de sistema UPN01000113421
049 ## - COLECCIÓN
Colección CG
050 #4 - SIGNATURA TOPOGRÁFICA DE LA BIBLIOTECA DEL CONGRESO
Número de clasificación T385
Número de documento/Ítem A8.3
100 1# - ASIENTO PRINCIPAL--NOMBRE PERSONAL
Nombre de persona Ashford, Janet,
Fechas asociadas al nombre 1949-
9 (RLIN) 41666
245 13 - MENCIÓN DE TÍTULO
Título El escáner /
Mención de responsabilidad, etc. Janet Ashford y John Odam.
260 ## - PUBLICACIÓN, DISTRIBUCIÓN, ETC.
Lugar de publicación, distribución, etc. Madrid :
Nombre del editor, distribuidor, etc. Anaya Multimedia,
Fecha de publicación, distribución, etc. c2001.
300 ## - DESCRIPCIÓN FÍSICA
Extensión 255 p. :
Otras características físicas il. col.
440 #0 - MENCIÓN DE SERIE/ASIENTO SECUNDARIO--TÍTULO
Título Biblioteca profesional de diseño
534 ## - NOTA SOBRE LA VERSIÓN ORIGINAL
Frase introductoria Traducción de:
Mención de título del original Start with a scan
650 #4 - ASIENTO SECUNDARIO DE MATERIA - TERMINO TEMATICO
Término de materia o nombre geográfico como elemento de entrada GRAFICOS POR COMPUTADORA
9 (RLIN) 12519
650 #4 - ASIENTO SECUNDARIO DE MATERIA - TERMINO TEMATICO
Término de materia o nombre geográfico como elemento de entrada ESCANERES OPTICOS
9 (RLIN) 26699
650 #4 - ASIENTO SECUNDARIO DE MATERIA - TERMINO TEMATICO
Término de materia o nombre geográfico como elemento de entrada ARTES GRAFICAS
9 (RLIN) 2744
700 1# - ASIENTO SECUNDARIO--NOMBRE DE PERSONAL
Nombre de persona Odam, John,
Término indicativo de función/relación coaut.
9 (RLIN) 41667
905 ## - TIPO DE MATERIAL
Tipo de material Libro
Holdings
Estado de retiro Estado de pérdida Fuente del sistema de clasificación o colocación Estado dañado No para préstamo Código de colección Localización permanente Ubicación/localización actual Ubicación en estantería Total de préstamos Clasificación Código de barras Fecha visto por última vez Número de copia Tipo de ítem Koha
    Library of Congress Classification     Colección General Bib. Gregorio Torres Quintero Bib. Gregorio Torres Quintero Planta baja 11 T385 A8.3 186968 31/12/2020 1 Libro